[Event "IX Open"]
[Site "Crema ITA"]
[Date "2007.09.07"]
[Round "1"]
[White "Gerundino, Nicola"]
[Black "Paravella, Alberto"]
[Result "1/2-1/2"]
[WhiteElo "1965"]
[BlackElo "1542"]
[PlyCount "31"]
[EventDate "2007.09.07"]

1. e4 e5 2. Nf3 Nf6 3. Nxe5 d6 4. Nf3 Nxe4 5. Nc3 Nxc3 6. dxc3 Be7 7. Bc4 Bg4
8. h3 Bh5 9. Bf4 Nd7 10. g4 Bg6 11. Qd2 Nc5 12. O-O-O Qd7 13. Rhe1 O-O-O 14.
Nd4 Ne4 15. Qe3 Bh4 16. Bg3 1/2-1/2

[Event "IX Open"]
[Site "Crema ITA"]
[Date "2007.09.07"]
[Round "1"]
[White "Masotti, Roberto"]
[Black "Usuelli, Michele"]
[Result "0-1"]
[WhiteElo "1948"]
[BlackElo "1527"]
[PlyCount "109"]
[EventDate "2007.09.07"]

1. Nf3 c5 2. c4 Nf6 3. Nc3 e6 4. g3 b6 5. Bg2 Bb7 6. O-O Be7 7. Re1 O-O 8. e4
d6 9. d4 cxd4 10. Nxd4 a6 11. e5 dxe5 12. Bxb7 Ra7 13. Nc6 Qxd1 14. Nxe7+ Kh8
15. Rxd1 Rxb7 16. Ned5 exd5 17. cxd5 h6 18. f3 Rd8 19. Be3 b5 20. d6 b4 21. Na4
Nbd7 22. Rac1 Ne8 23. Rc6 Nb8 24. Rb6 Rbd7 25. Bc5 a5 26. a3 bxa3 27. bxa3 Rc8
28. Rdb1 Rdd8 29. R6b5 Nc6 30. d7 Rxd7 31. Nb6 Rdc7 32. Nxc8 Rxc8 33. Rd1 Nc7
34. Rb7 Ne6 35. Bb6 a4 36. Kf2 Ncd4 37. Rd3 Rc2+ 38. Kf1 Rc1+ 39. Kg2 Rc2+ 40.
Kf1 Rc1+ 41. Kf2 Rc2+ 42. Ke1 Rc1+ 43. Kd2 Rc2+ 44. Kd1 Rxh2 45. Bxd4 Nxd4 46.
Rxf7 Rh1+ 47. Kd2 Rf1 48. f4 Kg8 49. Re7 Kf8 50. Ra7 Rf2+ 51. Kc3 Nb5+ 52. Kb4
Nxa7 53. Rd8+ Ke7 54. Ra8 Nc6+ 55. Kxa4 0-1

[Event "IX Open"]
[Site "Crema ITA"]
[Date "2007.09.07"]
[Round "1"]
[White "Milanesi, Erminio"]
[Black "Ficco, Corrado"]
[Result "0-1"]
[WhiteElo "1862"]
[BlackElo "2158"]
[PlyCount "160"]
[EventDate "2007.09.07"]

1. e4 e6 2. d3 d5 3. Nd2 c5 4. exd5 exd5 5. g3 Nf6 6. Bg2 Be7 7. Nh3 Nc6 8. f3
O-O 9. O-O Re8 10. Nf2 d4 11. a4 Nd5 12. Nc4 Be6 13. Re1 Qd7 14. Bd2 Rab8 15.
Ne5 Nxe5 16. Rxe5 Bd6 17. Re1 f5 18. f4 Nf6 19. b3 Bd5 20. Bxd5+ Nxd5 21. Qf3
Nf6 22. Rxe8+ Rxe8 23. Re1 Rxe1+ 24. Bxe1 Qe6 25. Bd2 Nd5 26. Nd1 h6 27. Kf2 a6
28. Qe2 Qd7 29. Qf3 Nf6 30. h3 Kh7 31. Nb2 Bb8 32. Nc4 Nd5 33. Qe2 b5 34. axb5
axb5 35. Ne5 Qe6 36. Nf3 Qxe2+ 37. Kxe2 g6 38. Kf2 Kg7 39. Ne1 Kf6 40. Kf3 g5
41. Ng2 Bc7 42. h4 g4+ 43. Ke2 Ke6 44. Kd1 Nf6 45. Be1 Kd5 46. Ke2 c4 47. bxc4+
bxc4 48. Bf2 Ba5 49. Ne1 c3 50. Ng2 Nh5 51. Kd1 Bb4 52. Be1 Ba3 53. Bf2 Ng7 54.
Ne1 Bc5 55. Ng2 Nh5 56. Kc1 Kc6 57. Kd1 Kb5 58. Kc1 Ka4 59. Be1 Ka3 60. Kb1 Nf6
61. Bf2 Kb4 62. Kc1 Bb6 63. Kd1 Ka3 64. Kc1 Ka2 65. Be1 Bc5 66. Bf2 h5 67. Ne1
Nd5 68. Ng2 Nb4 69. Ne1 Nc6 70. Ng2 Ba3+ 71. Kd1 Kb1 72. Ne1 Bc1 73. Bg1 Bd2
74. Ng2 Kb2 75. Bf2 Kb1 76. Bg1 Nb4 77. Bxd4 Nxc2 78. Bc5 Kb2 79. d4 Ne3+ 80.
Nxe3 Bxe3 0-1

[Event "IX Open"]
[Site "Crema ITA"]
[Date "2007.09.07"]
[Round "1"]
[White "Mora, Lorenzo"]
[Black "Folcini, Gaddo"]
[Result "1-0"]
[WhiteElo "1920"]
[BlackElo "1481"]
[PlyCount "85"]
[EventDate "2007.09.07"]

1. e4 e5 2. Nf3 d5 3. exd5 e4 4. Qe2 Nf6 5. d3 Qxd5 6. dxe4 Nxe4 7. Nfd2 Bb4 8.
c3 O-O 9. cxb4 Nf6 10. Qc4 Re8+ 11. Kd1 Qd6 12. Be2 Be6 13. Qc5 Qd7 14. Nc3 Na6
15. Bxa6 bxa6 16. Re1 Rad8 17. f3 Bf5 18. Rxe8+ Rxe8 19. Ne2 Qd3 20. Nf4 Qd7
21. b3 g5 22. g4 Nxg4 23. fxg4 Bxg4+ 24. Kc2 Bf5+ 25. Kb2 gxf4 26. Nc4 Re2+ 27.
Ka3 f3 28. Bb2 f2 29. Rf1 a5 30. bxa5 Be6 31. Ne5 Qd2 32. Qc3 Qd6+ 33. b4 Qd5
34. Nc4 Rxb2 35. Kxb2 Qxc4 36. Qxc4 Bxc4 37. Rxf2 a6 38. a4 c6 39. Kc3 Bd5 40.
Kd4 Bb3 41. b5 axb5 42. a6 bxa4 43. a7 1-0

[Event "IX Open"]
[Site "Crema ITA"]
[Date "2007.09.07"]
[Round "1"]
[White "Mussap, Angelo"]
[Black "Biava, Pierluigi"]
[Result "1-0"]
[WhiteElo "2083"]
[BlackElo "1739"]
[PlyCount "109"]
[EventDate "2007.09.07"]

1. e4 c5 2. Nf3 e6 3. d4 cxd4 4. Nxd4 Nf6 5. Nc3 Bb4 6. f3 a6 7. Qd3 Qc7 8. Bd2
Nc6 9. Nxc6 dxc6 10. O-O-O Bd7 11. Be2 O-O-O 12. Qc4 Be7 13. Be3 c5 14. Qb3 Bc6
15. Na4 Nd7 16. Qa3 Bxa4 17. Qxa4 Nb6 18. Qa5 Nd5 19. Qxc7+ Nxc7 20. a4 Rxd1+
21. Rxd1 Rd8 22. Rf1 b5 23. b3 Kb7 24. f4 bxa4 25. bxa4 Kb6 26. Kb2 Kc6 27. c3
Kb6 28. Kb3 Ne8 29. e5 Nc7 30. Kc4 Nd5 31. Rb1+ Kc6 32. Bf3 Kc7 33. Bxc5 Bxc5
34. Kxc5 Nxc3 35. Rb7+ Kc8 36. Rxf7 Nd5 37. f5 Nf4 38. Be4 exf5 39. Bxf5+ Kb8
40. Be4 Ne6+ 41. Kb6 Rd4 42. Bc6 Nd8 43. Rf8 Kc8 44. Bb7+ Kd7 45. Bxa6 Ke7 46.
Rg8 Kf7 47. Rh8 Ne6 48. Bb5 Nf8 49. a5 g6 50. a6 Rd8 51. Bc4+ Ke7 52. Kb7 Rd7+
53. Kc6 Rd8 54. a7 h5 55. Rg8 1-0

[Event "IX Open"]
[Site "Crema ITA"]
[Date "2007.09.07"]
[Round "1"]
[White "Okhotnik, Vladimir"]
[Black "Bozuffi, Italo"]
[Result "1-0"]
[WhiteElo "2468"]
[BlackElo "1888"]
[PlyCount "86"]
[EventDate "2007.09.07"]

1. d4 c6 2. e4 e6 3. f4 d5 4. e5 f5 5. c3 a6 6. Bd3 Qh4+ 7. g3 Qd8 8. Be3 Nh6
9. Nf3 Ng4 10. Bg1 Be7 11. h3 Nh6 12. Be3 b5 13. a4 b4 14. a5 bxc3 15. bxc3 Nf7
16. c4 O-O 17. c5 Qc7 18. Nc3 Ra7 19. Bd2 Bd8 20. Na4 Nh6 21. Nb6 Nd7 22. Qc2
Nb8 23. O-O-O Qb7 24. g4 Bxb6 25. cxb6 Ra8 26. Bb4 Re8 27. Nd2 g6 28. Nb3 Qg7
29. Qb1 Bb7 30. Nc5 Kh8 31. g5 Ng8 32. h4 h5 33. gxh6 Nxh6 34. h5 g5 35. fxg5
Ng4 36. Rdg1 Nd7 37. Rxg4 fxg4 38. g6 Qh6+ 39. Bd2 Qf8 40. h6 Qf3 41. g7+ Kg8
42. Bh7+ Kf7 43. Qg6+ Ke7 1-0

[Event "IX Open"]
[Site "Crema ITA"]
[Date "2007.09.07"]
[Round "1"]
[White "Panizzi, Giuseppe"]
[Black "Vishanji, Adrian"]
[Result "0-1"]
[WhiteElo "2131"]
[BlackElo "1821"]
[PlyCount "94"]
[EventDate "2007.09.07"]

1. Nf3 Nc6 2. d4 d5 3. Bf4 Nf6 4. e3 e6 5. Be2 Bd6 6. Bxd6 cxd6 7. O-O O-O 8.
Nbd2 e5 9. c3 Re8 10. b4 a6 11. a4 Ne4 12. Rc1 Qf6 13. dxe5 dxe5 14. Nxe4 dxe4
15. Ne1 Rd8 16. Qc2 Qg6 17. f3 Bf5 18. f4 Rac8 19. b5 axb5 20. axb5 Nb4 21. Qb3
Nd3 22. Rd1 exf4 23. Bxd3 exd3 24. Rxf4 d2 25. Rd4 dxe1=Q+ 26. Rxe1 Be4 27. Re2
h5 28. Qb4 Rxd4 29. exd4 Qg4 30. Rd2 Qf4 31. Re2 Bd3 32. Re1 Kh7 33. Qb2 Re8
34. Qa1 Rxe1+ 35. Qxe1 Qe4 36. Qxe4+ Bxe4 37. Kf2 Kg6 38. g3 Bd3 39. b6 Kf5 40.
Ke3 Bc4 41. h3 g5 42. Kf3 g4+ 43. hxg4+ hxg4+ 44. Ke3 f6 45. d5 Bxd5 46. Kd3
Bc6 47. c4 Ke6 0-1

[Event "IX Open"]
[Site "Crema ITA"]
[Date "2007.09.07"]
[Round "1"]
[White "Perico, Gianvittorio"]
[Black "Ranfagni, Stefano"]
[Result "1/2-1/2"]
[WhiteElo "1697"]
[BlackElo "2031"]
[PlyCount "79"]
[EventDate "2007.09.07"]

1. e4 d6 2. d4 Nf6 3. Nc3 g6 4. Nf3 Bg7 5. Be3 O-O 6. h3 c6 7. Be2 b5 8. a3 Bb7
9. O-O Nbd7 10. Qd2 a6 11. Rad1 c5 12. e5 cxd4 13. Bxd4 dxe5 14. Nxe5 Nxe5 15.
Bxe5 Qb6 16. Qd4 Qe6 17. Bg4 Nxg4 18. Bxg7 Rfd8 19. Qxg4 Qxg4 20. hxg4 Kxg7 21.
Rxd8 Rxd8 22. Rd1 Rd6 23. Rxd6 exd6 24. f3 Kf6 25. Kf2 Ke5 26. Ke3 g5 27. g3 h6
28. f4+ Ke6 29. Ne4 Bxe4 30. Kxe4 d5+ 31. Kf3 Kd6 32. Ke3 Kc5 33. Kd3 a5 34. b3
Kc6 35. Kd4 Kd6 36. c3 Ke6 37. f5+ Kd6 38. a4 bxa4 39. bxa4 f6 40. c4 1/2-1/2

[Event "IX Open"]
[Site "Crema ITA"]
[Date "2007.09.07"]
[Round "1"]
[White "Potenza, Gaetano"]
[Black "Martino, Antonio M."]
[Result "0-1"]
[WhiteElo "1673"]
[BlackElo "2005"]
[PlyCount "86"]
[EventDate "2007.09.07"]

1. e4 Nf6 2. e5 Nd5 3. d4 d6 4. c4 Nb6 5. f4 dxe5 6. fxe5 c5 7. d5 e6 8. Nc3
exd5 9. cxd5 c4 10. Nf3 Bb4 11. Bxc4 Bxc3+ 12. bxc3 Nxc4 13. Qa4+ Nd7 14. e6
Ncb6 15. exd7+ Qxd7 16. Qe4+ Qe7 17. Qxe7+ Kxe7 18. Ba3+ Kd8 19. O-O Nc4 20.
Bc5 b6 21. Bd4 f6 22. Nh4 Re8 23. Nf5 Bxf5 24. Rxf5 Kd7 25. Kf2 Nd6 26. Rf4
Rac8 27. Re1 Nb5 28. Re3 Rxe3 29. Kxe3 Nxc3 30. Rg4 g6 31. Rh4 h5 32. g4 Nxd5+
33. Ke4 Ke6 34. gxh5 g5 35. Rh3 Nf4 36. Ra3 Rc4 37. h6 Rc7 38. Be3 Ng6 39. Bd4
Rh7 40. Kf3 Nh4+ 41. Kg4 Nf5 42. Kh5 Rxh6+ 43. Kg4 Rh4+ 0-1

[Event "IX Open"]
[Site "Crema ITA"]
[Date "2007.09.07"]
[Round "1"]
[White "Radaelli, Pietro"]
[Black "Crimi, Alessandro"]
[Result "0-1"]
[WhiteElo "1470"]
[BlackElo "1918"]
[PlyCount "72"]
[EventDate "2007.09.07"]

1. d4 Nf6 2. c4 c5 3. d5 e6 4. Nc3 exd5 5. cxd5 d6 6. e4 g6 7. Bb5+ Bd7 8. Qa4
Bg7 9. Nge2 O-O 10. O-O a6 11. Bxd7 Nbxd7 12. Bf4 b5 13. Qc2 Qb8 14. b3 Nh5 15.
Rac1 b4 16. Na4 Nxf4 17. Nxf4 Bh6 18. g3 Ne5 19. Rcd1 Re8 20. Kg2 Ra7 21. Rfe1
Rae7 22. Nd3 Nd7 23. Ndb2 f5 24. f3 fxe4 25. fxe4 Nf6 26. Kf3 Qc8 27. h4 Qg4+
28. Kg2 Nxe4 29. Rd3 Rf8 30. Rf1 Rxf1 31. Kxf1 Nxg3+ 32. Rxg3 Qxg3 33. Nd3 Rf7+
34. Ke2 Qg4+ 35. Ke1 Qe4+ 36. Qe2 Qh1+ 0-1

[Event "IX Open"]
[Site "Crema ITA"]
[Date "2007.09.07"]
[Round "1"]
[White "Salami, Marco"]
[Black "Distratis, Gianluca"]
[Result "1-0"]
[WhiteElo "2225"]
[BlackElo "1881"]
[PlyCount "45"]
[EventDate "2007.09.07"]

1. e4 d5 2. exd5 Nf6 3. Nc3 Nxd5 4. Bc4 Nb6 5. Bb3 c5 6. d3 Bf5 7. Qf3 Qc8 8.
Bxf7+ Kxf7 9. g4 e6 10. gxf5 exf5 11. Nge2 Nc6 12. Be3 Ne5 13. Qh3 g6 14. O-O-O
Bg7 15. Bh6 Bf6 16. Qg3 Qe6 17. Rde1 Ng4 18. Bd2 Qc6 19. f3 Be5 20. Bf4 Bxf4+
21. Nxf4 Nf6 22. Re6 Qc7 23. Rxf6+ 1-0

[Event "IX Open"]
[Site "Crema ITA"]
[Date "2007.09.07"]
[Round "1"]
[White "Santandrea, Marco"]
[Black "Brugo, Marco"]
[Result "1/2-1/2"]
[WhiteElo "1837"]
[BlackElo "2142"]
[PlyCount "48"]
[EventDate "2007.09.07"]

1. e4 e6 2. d4 d5 3. Nd2 Nf6 4. Bd3 c5 5. exd5 Qxd5 6. Ngf3 cxd4 7. O-O Nc6 8.
Nb3 Be7 9. Nfxd4 Nxd4 10. Nxd4 Bd7 11. Nf3 O-O 12. c4 Qd6 13. b3 Rfd8 14. Qe2
Bc6 15. Rd1 Qc7 16. Bb2 Qf4 17. Qe5 Qh6 18. Bc1 Qh5 19. Qxh5 Nxh5 20. Ne5 Be4
21. Be3 Bxd3 22. Nxd3 Bf6 23. Rab1 h6 24. Nc5 b6 1/2-1/2

[Event "IX Open"]
[Site "Crema ITA"]
[Date "2007.09.07"]
[Round "1"]
[White "Sartorio, Diego"]
[Black "Vuckovic, Dimitrije"]
[Result "1-0"]
[WhiteElo "1901"]
[BlackElo "1428"]
[PlyCount "51"]
[EventDate "2007.09.07"]

1. e4 c5 2. c3 e6 3. d4 cxd4 4. cxd4 Nf6 5. Nc3 a6 6. Nf3 h6 7. Bd3 Qc7 8. Bd2
Nc6 9. Rc1 Qb6 10. Na4 Qc7 11. Qb3 Qd8 12. Nb6 Rb8 13. O-O Be7 14. d5 exd5 15.
exd5 Na7 16. Ba5 O-O 17. Nxc8 Qxa5 18. Nxe7+ Kh8 19. Nd4 Rfe8 20. d6 Nc6 21.
Ndxc6 bxc6 22. Qxf7 Qg5 23. Rce1 Rxb2 24. Ng6+ Kh7 25. Rxe8 Nxe8 26. Ne7+ 1-0

[Event "IX Open"]
[Site "Crema ITA"]
[Date "2007.09.07"]
[Round "1"]
[White "Tedoldi, Guido"]
[Black "Lanni, Vincenzo"]
[Result "0-1"]
[WhiteElo "1419"]
[BlackElo "1904"]
[PlyCount "87"]
[EventDate "2007.09.07"]

1. c4 g6 2. Nc3 Bg7 3. e3 d6 4. Nf3 Nf6 5. Be2 O-O 6. d3 Nbd7 7. Rb1 e5 8. O-O
c6 9. Bd2 Re8 10. e4 Nf8 11. b4 Bg4 12. Ne1 Bxe2 13. Qxe2 Ne6 14. Nf3 Rf8 15.
Qd1 Nh5 16. Ne2 h6 17. g4 Nhf4 18. Nxf4 Nxf4 19. Bxf4 exf4 20. Qd2 g5 21. Rfe1
Qd7 22. h3 Rad8 23. Rbd1 Rfe8 24. d4 d5 25. cxd5 cxd5 26. e5 f5 27. exf6 Bxf6
28. Rxe8+ Rxe8 29. Re1 Re4 30. Qd3 Qc6 31. Rxe4 dxe4 32. Qb3+ Kg7 33. Ne5 Bxe5
34. dxe5 f3 35. Qe3 a6 36. Qd4 Kf7 37. Kh2 Ke6 38. Kg3 Qd5 39. Qb6+ Kxe5 40.
Qxh6 Kd4 41. Qf6+ Qe5+ 42. Qxe5+ Kxe5 43. h4 gxh4+ 44. Kxh4 0-1

[Event "IX Open"]
[Site "Crema ITA"]
[Date "2007.09.07"]
[Round "1"]
[White "Valsecchi, Alessio"]
[Black "Perrotta, Leopoldo"]
[Result "1-0"]
[WhiteElo "2175"]
[BlackElo "1875"]
[PlyCount "91"]
[EventDate "2007.09.07"]

1. e4 c6 2. d4 d5 3. e5 c5 4. dxc5 Nc6 5. Bb5 e6 6. Be3 Bd7 7. Bxc6 Bxc6 8. Nf3
Nh6 9. c3 Nf5 10. Bd4 Nxd4 11. Qxd4 Be7 12. Nbd2 Qc7 13. Nb3 f6 14. O-O O-O 15.
Rfe1 b6 16. cxb6 axb6 17. exf6 Bxf6 18. Qg4 Bd7 19. Qg3 Qd8 20. Nbd4 e5 21.
Rxe5 Bxe5 22. Qxe5 Bg4 23. Ng5 h6 24. h3 Qxg5 25. Qxg5 hxg5 26. hxg4 Rae8 27.
Kf1 Kh7 28. Rd1 Kg6 29. Nf5 Rh8 30. Ne3 Rh1+ 31. Ke2 Rxd1 32. Kxd1 Rd8 33. Kd2
d4 34. cxd4 Rxd4+ 35. Kc3 Rd6 36. a4 Kf6 37. b4 g6 38. Kc4 Ke6 39. Kb5 Rd4 40.
Nc4 Rxg4 41. g3 Re4 42. Nxb6 g4 43. a5 Kd6 44. a6 Re5+ 45. Ka4 Kc6 46. a7 1-0

[Event "IX Open"]
[Site "Crema ITA"]
[Date "2007.09.07"]
[Round "1"]
[White "Vetturi, Pietro"]
[Black "Castrogiovanni, Carlo"]
[Result "1/2-1/2"]
[WhiteElo "1742"]
[BlackElo "2086"]
[PlyCount "45"]
[EventDate "2007.09.07"]

1. d4 Nf6 2. c4 c5 3. d5 b5 4. cxb5 e6 5. b6 g6 6. Nc3 d6 7. Nf3 Bg7 8. Nd2
Nbd7 9. e4 Nxb6 10. a4 Bd7 11. a5 Nc8 12. Nc4 Bb5 13. Ne3 Bxf1 14. Nxf1 e5 15.
Ne3 Ne7 16. Qc2 Nd7 17. O-O O-O 18. Bd2 f5 19. f3 Qc7 20. Nc4 f4 21. Na4 g5 22.
h3 Bf6 23. Rfb1 1/2-1/2

[Event "IX Open"]
[Site "Crema ITA"]
[Date "2007.09.07"]
[Round "1"]
[White "Vigano', Massimo"]
[Black "Colombo, Luca"]
[Result "1/2-1/2"]
[WhiteElo "2103"]
[BlackElo "1766"]
[PlyCount "35"]
[EventDate "2007.09.07"]

1. e4 c5 2. Nf3 d6 3. d4 cxd4 4. Nxd4 Nf6 5. Nc3 g6 6. Be3 Bg7 7. f3 O-O 8. Qd2
Nc6 9. Bc4 Bd7 10. O-O-O Rb8 11. g4 b5 12. Nxc6 Bxc6 13. Bd5 Bxd5 14. Nxd5 Nxd5
15. exd5 Qc7 16. Bd4 Rfc8 17. Bxg7 Kxg7 18. Qd4+ 1/2-1/2

[Event "IX Open"]
[Site "Crema ITA"]
[Date "2007.09.07"]
[Round "1"]
[White "Vishanji, Franz"]
[Black "Colzi, Dante"]
[Result "0-1"]
[WhiteElo "1428"]
[BlackElo "1905"]
[PlyCount "66"]
[EventDate "2007.09.07"]

1. e4 e6 2. d4 d5 3. e5 c5 4. c3 Nc6 5. Bb5 Bd7 6. Be3 cxd4 7. cxd4 Nxe5 8.
Bxd7+ Nxd7 9. Qa4 Ngf6 10. Nf3 Qb6 11. Nbd2 Qb4 12. Qxb4 Bxb4 13. a3 Ba5 14. b4
Bb6 15. Rc1 O-O 16. h3 Ne4 17. g4 Rac8 18. Ke2 f6 19. Bf4 Nc3+ 20. Ke1 Nb5 21.
Rxc8 Rxc8 22. Nb3 Nxa3 23. Ke2 Rc2+ 24. Bd2 Rb2 25. Na5 Bxa5 26. bxa5 Nc4 27.
Rd1 Nxa5 28. Ra1 Nc6 29. Kf1 Nb6 30. Re1 Kf7 31. g5 Nc4 32. Re2 Nxd2+ 33. Nxd2
Nxd4 0-1

[Event "IX Open"]
[Site "Crema ITA"]
[Date "2007.09.07"]
[Round "1"]
[White "Volpi, Davide"]
[Black "Mombelli, Antonio"]
[Result "0-1"]
[WhiteElo "2008"]
[BlackElo "1693"]
[PlyCount "104"]
[EventDate "2007.09.07"]

1. e4 c5 2. Nf3 Nc6 3. d3 d6 4. g3 Nf6 5. Bg2 e6 6. O-O Be7 7. Nbd2 O-O 8. c3
Rb8 9. a4 e5 10. Nc4 Na5 11. Nfd2 Nxc4 12. Nxc4 b6 13. Ne3 Bb7 14. Qb3 Qc7 15.
Nf5 Bc6 16. c4 Ne8 17. f4 Bf6 18. Qd1 Qd7 19. g4 exf4 20. Bxf4 Be5 21. Qf3 Nc7
22. Bxe5 dxe5 23. Nxg7 Kxg7 24. Qf6+ Kg8 25. Qg5+ Kh8 26. Qxe5+ Kg8 27. Qg5+
Kh8 28. Qf6+ Kg8 29. Qh6 Ne6 30. Rf3 Qd4+ 31. Kh1 Qg7 32. Qf6 Qxf6 33. Rxf6 Kg7
34. Raf1 h6 35. h4 Bd7 36. e5 Nd4 37. g5 hxg5 38. hxg5 Ne2 39. R1f3 Be6 40. Rh6
Rh8 41. Rff6 Ng3+ 42. Kg1 Nf5 43. Rxh8 Rxh8 44. Be4 Nd4 45. a5 bxa5 46. Bd5 Rh5
47. Bxe6 Nxe6 48. Rf5 Rxg5+ 49. Rxg5+ Nxg5 50. Kf2 Kg6 51. Ke3 Ne6 52. Ke4 Kg5
0-1

[Event "IX Open"]
[Site "Crema ITA"]
[Date "2007.09.07"]
[Round "2"]
[White "Albrizio, Mauro"]
[Black "Panizzi, Giuseppe"]
[Result "0-1"]
[WhiteElo "1697"]
[BlackElo "2131"]
[PlyCount "84"]
[EventDate "2007.09.07"]

1. e4 d6 2. d4 Nf6 3. Nc3 g6 4. Bc4 Bg7 5. Be3 O-O 6. h3 Nxe4 7. Nxe4 d5 8.
Bxd5 Qxd5 9. Qf3 Qa5+ 10. c3 Qb6 11. Rb1 Qa5 12. Ra1 Nc6 13. Ne2 e5 14. O-O f5
15. Nc5 Qb5 16. dxe5 Nxe5 17. Qd5+ Nf7 18. Qd2 b6 19. Nb3 Bb7 20. Ned4 Qe8 21.
Rfe1 c5 22. Bf4 Ne5 23. Bxe5 Bxe5 24. f4 Bxd4+ 25. Nxd4 Be4 26. Nf3 Rd8 27. Qe2
Qc6 28. Ne5 Qe6 29. a4 Qb3 30. Ra3 Qc2 31. Qxc2 Bxc2 32. c4 Rd2 33. a5 Be4 34.
axb6 axb6 35. Rb3 Rfd8 36. Nf3 Rc2 37. Rxb6 Rxc4 38. Re2 Bxf3 39. gxf3 Rd7 40.
Re8+ Kg7 41. Rbb8 Rc2 42. Re5 Rd1+ 0-1

[Event "IX Open"]
[Site "Crema ITA"]
[Date "2007.09.07"]
[Round "2"]
[White "Annoni, Riccardo"]
[Black "Acunzo, Domenico"]
[Result "1-0"]
[WhiteElo "2080"]
[BlackElo "1776"]
[PlyCount "47"]
[EventDate "2007.09.07"]

1. e4 e6 2. d4 d5 3. e5 c5 4. c3 Nc6 5. Nf3 Qb6 6. Bd3 cxd4 7. cxd4 Bd7 8. O-O
Nxd4 9. Nxd4 Qxd4 10. Nc3 a6 11. Qe2 Ne7 12. Kh1 Nc6 13. f4 Be7 14. a3 Qb6 15.
b4 h6 16. Bb2 Rc8 17. f5 Qc7 18. Rae1 b5 19. Qh5 Rd8 20. Nxd5 exd5 21. e6 Bxe6
22. fxe6 Rd6 23. Bxg7 Rg8 24. exf7+ 1-0

[Event "IX Open"]
[Site "Crema ITA"]
[Date "2007.09.07"]
[Round "2"]
[White "Biava, Pierluigi"]
[Black "Murgia, Andrea"]
[Result "0-1"]
[WhiteElo "1739"]
[BlackElo "2042"]
[PlyCount "86"]
[EventDate "2007.09.07"]

1. c4 f5 2. Nc3 Nf6 3. d3 e5 4. g3 Bc5 5. Bg2 O-O 6. Na4 Bxf2+ 7. Kxf2 f4 8.
Nh3 fxg3+ 9. hxg3 Ne4+ 10. Kg1 Nxg3 11. Rh2 c6 12. Ng5 b5 13. cxb5 d5 14. Qe1
Nf5 15. Nxh7 cxb5 16. Nxf8 bxa4 17. Ng6 Qb6+ 18. Qf2 Qxg6 19. Kh1 Bb7 20. Bd2
Nd7 21. Rh3 Rf8 22. Rg1 e4 23. Bxe4 dxe4 24. dxe4 Bxe4+ 25. Kh2 Qd6+ 26. Bf4
Qb6 27. Qxb6 axb6 28. Rc3 Kf7 29. Rgc1 Rh8+ 30. Rh3 Rxh3+ 31. Kxh3 Nc5 32. Bc7
Ne6 33. Bxb6 Nf4+ 34. Kg4 Nxe2 35. Rc4 Nh6+ 36. Kg5 Bd3 37. Rxa4 Ke6 38. Ra7
Nf7+ 39. Kg4 Ne5+ 40. Kh4 g6 41. Kg5 Bf5 42. Ra8 Nf7+ 43. Kh4 g5+ 0-1

[Event "IX Open"]
[Site "Crema ITA"]
[Date "2007.09.07"]
[Round "2"]
[White "Bonazzi, Edoardo"]
[Black "Santandrea, Marco"]
[Result "1-0"]
[WhiteElo "2185"]
[BlackElo "1837"]
[PlyCount "88"]
[EventDate "2007.09.07"]

1. e4 c6 2. c4 d5 3. exd5 cxd5 4. cxd5 Qxd5 5. Nc3 Qa5 6. d4 Nf6 7. Bc4 e6 8.
Nf3 Bb4 9. Bd2 O-O 10. O-O Nc6 11. Re1 Bxc3 12. bxc3 Qc7 13. Bd3 h6 14. Qe2 Bd7
15. Rab1 Rad8 16. h3 Bc8 17. Ne5 Qd6 18. Nc4 Qc7 19. Qf3 Nd5 20. Ne5 Nxe5 21.
Rxe5 f5 22. c4 Nf6 23. Bc3 b6 24. Rbe1 a5 25. d5 Nxd5 26. Bxa5 Nf6 27. Bb4 Rfe8
28. Qe2 Qc6 29. Bc2 Rd4 30. Bb3 Re4 31. Rxe4 Nxe4 32. Rd1 Bb7 33. f3 Nc5 34.
Qe5 Re7 35. Rd8+ Kh7 36. Qd6 Rd7 37. Rxd7 Nxd7 38. Qe7 Nc5 39. Bc2 Ba6 40. Bc3
Qd7 41. Qxd7 Nxd7 42. Ba4 Nc5 43. Bb5 Bxb5 44. cxb5 g5 1-0

[Event "IX Open"]
[Site "Crema ITA"]
[Date "2007.09.07"]
[Round "2"]
[White "Bozuffi, Italo"]
[Black "Potenza, Gaetano"]
[Result "1-0"]
[WhiteElo "1888"]
[BlackElo "1673"]
[PlyCount "143"]
[EventDate "2007.09.07"]

1. d4 Nf6 2. Nc3 g6 3. e4 d6 4. h3 Bg7 5. Be3 c6 6. Qd2 b5 7. Bd3 b4 8. Nce2 a5
9. Bh6 O-O 10. Bxg7 Kxg7 11. h4 h5 12. Ng3 e5 13. Nf3 Nxe4 14. Nxe4 d5 15. Ng3
e4 16. O-O-O exf3 17. gxf3 Qf6 18. Rdg1 Rh8 19. Be2 Ba6 20. Bd1 Nd7 21. f4 Kf8
22. Re1 Bc4 23. b3 Bb5 24. Kb1 Qd6 25. f5 a4 26. fxg6 fxg6 27. Re3 axb3 28.
cxb3 Ra7 29. Rhe1 Kf7 30. Re7+ Qxe7 31. Rxe7+ Kxe7 32. Qxb4+ Kf7 33. Ne2 Rha8
34. Nc3 Bf1 35. Qd6 Rc8 36. Bc2 Nf6 37. Qg3 Rg8 38. f3 Re7 39. Kb2 Ba6 40. Qd6
Rc8 41. a4 Re3 42. Qg3 Bd3 43. Qf4 Rce8 44. Bxd3 Rxd3 45. Qc7+ Re7 46. Qxc6
Rxd4 47. Nb5 Rxh4 48. Nd6+ Kg7 49. a5 Rh2+ 50. Ka3 d4 51. Qc5 Ree2 52. Qxd4
Ra2+ 53. Kb4 Rad2 54. Ne8+ Kf7 55. Qxf6+ Kxe8 56. a6 Rhg2 57. a7 Ra2 58. Qc6+
Kf7 59. a8=Q Rxa8 60. Qxa8 h4 61. Qb7+ Kf6 62. Qc6+ Kf5 63. Qe4+ Kf6 64. Qxh4+
g5 65. Qh3 Re2 66. Qg4 Re5 67. Kc3 Rf5 68. b4 Rf4 69. Qg3 Kf5 70. b5 Kf6 71. b6
Kg6 72. b7 1-0

[Event "IX Open"]
[Site "Crema ITA"]
[Date "2007.09.07"]
[Round "2"]
[White "Brighenti, Alessandro"]
[Black "Volpi, Davide"]
[Result "0-1"]
[WhiteElo "1623"]
[BlackElo "2008"]
[PlyCount "50"]
[EventDate "2007.09.07"]

1. e4 c5 2. Nc3 Nc6 3. g3 g6 4. Bg2 Bg7 5. d3 Nf6 6. f4 d6 7. Nf3 O-O 8. O-O
Bd7 9. h3 Nd4 10. Ne2 Ne8 11. g4 e6 12. g5 f5 13. Nh2 e5 14. Nxd4 cxd4 15. exf5
Bxf5 16. Bd5+ Kh8 17. Bxb7 Bxh3 18. Rf2 Rb8 19. Bd5 exf4 20. Nf3 Rb5 21. Bc4
Rbf5 22. Rh2 Bg4 23. Qe1 Bxf3 24. Rxh7+ Kxh7 25. Qh4+ Bh5 0-1

[Event "IX Open"]
[Site "Crema ITA"]
[Date "2007.09.07"]
[Round "2"]
[White "Brugo, Marco"]
[Black "Libutti, Michele"]
[Result "1-0"]
[WhiteElo "2142"]
[BlackElo "1878"]
[PlyCount "65"]
[EventDate "2007.09.07"]

1. d4 Nf6 2. c4 g6 3. Nc3 Bg7 4. e4 d6 5. Be2 O-O 6. Nf3 e5 7. d5 Nbd7 8. Bg5
h6 9. Bh4 c6 10. dxc6 Nc5 11. b4 Ne6 12. Bxf6 Bxf6 13. cxb7 Bxb7 14. Nd5 Nf4
15. O-O Rb8 16. b5 Bg7 17. Ne1 f5 18. exf5 Nxe2+ 19. Qxe2 gxf5 20. Rd1 e4 21.
f4 Rc8 22. Nc2 Rc5 23. Nce3 Qd7 24. Qh5 Bxd5 25. Rxd5 Rxd5 26. Nxd5 Kh7 27. Rd1
Rc8 28. Ne3 Rc5 29. Rd5 Rxd5 30. Nxd5 Bd4+ 31. Kf1 Qc8 32. Qf7+ Kh8 33. Ne7 1-0

[Event "IX Open"]
[Site "Crema ITA"]
[Date "2007.09.07"]
[Round "2"]
[White "Calvi, Luca"]
[Black "Gerundino, Nicola"]
[Result "0-1"]
[WhiteElo "1560"]
[BlackElo "1965"]
[PlyCount "102"]
[EventDate "2007.09.07"]

1. d4 Nf6 2. c4 e6 3. Nc3 Bb4 4. f3 d5 5. Bg5 O-O 6. e4 h6 7. Bh4 g5 8. e5 gxh4
9. exf6 dxc4 10. Bxc4 Qxf6 11. a3 Bxc3+ 12. bxc3 c5 13. Nh3 Nc6 14. Nf2 cxd4
15. Ng4 Qg7 16. cxd4 Qxd4 17. Qxd4 Nxd4 18. Kf2 Kg7 19. Rhd1 Nc6 20. Bb5 Ne7
21. Bd7 Nd5 22. Bxc8 Raxc8 23. Ne3 Nxe3 24. Kxe3 Rc3+ 25. Kd2 Rfc8 26. Ke2 Rc2+
27. Kf1 R8c5 28. Rd7 Rb2 29. Rad1 Rcc2 30. R7d4 Rf2+ 31. Kg1 Rxg2+ 32. Kf1 Rxh2
33. Rg4+ Kf6 34. Kg1 h5 35. Rg8 Rh3 36. Rg2 Rg3 37. Rxg3 hxg3 38. Rd8 Kg5 39.
Rf8 f5 40. Re8 Kf4 41. Rxe6 Kxf3 42. Re1 h4 43. a4 h3 44. a5 Rg2+ 45. Kh1 Re2
46. Rf1+ Ke3 47. Rb1 Kf2 48. a6 bxa6 49. Rf1+ Ke3 50. Kg1 h2+ 51. Kh1 g2+ 0-1

[Event "IX Open"]
[Site "Crema ITA"]
[Date "2007.09.07"]
[Round "2"]
[White "Caramaschi, Vincenzo"]
[Black "Mazzariol, Oscar"]
[Result "0-1"]
[WhiteElo "1416"]
[BlackElo "2035"]
[PlyCount "42"]
[EventDate "2007.09.07"]

1. e4 c5 2. Nf3 e6 3. d4 cxd4 4. Nxd4 Nf6 5. e5 Qa5+ 6. c3 Qxe5+ 7. Be2 a6 8.
Nd2 d5 9. N2f3 Qc7 10. O-O Bd6 11. Qc2 O-O 12. Bg5 Ne4 13. g3 e5 14. Bd3 exd4
15. Bxe4 dxe4 16. Nxd4 Nc6 17. Qxe4 Bh3 18. Rfd1 Rfe8 19. Qh4 Nxd4 20. cxd4 Qd7
21. Bd2 Rac8 0-1